[Event "Zadar op-B 18th"]
[Site "Zadar"]
[Date "2011.12.11"]
[Round "1"]
[White "Ivankovic, Marko"]
[Black "Bozinovic, Bogdan"]
[Result "1-0"]
[WhiteElo "1931"]
[BlackElo "2226"]
[PlyCount "45"]
[EventDate "2011.12.11"]
[EventType "swiss"]
[EventRounds "9"]
[EventCountry "CRO"]
[SourceTitle "CBM 145 Extra"]
[Source "ChessBase"]
[SourceDate "2012.01.03"]
[SourceVersion "1"]
[SourceVersionDate "2012.01.03"]
[SourceQuality "1"]

1. d4 Nf6 2. Nf3 c5 3. e3 e6 4. Bd3 b6 5. 0-0 Bb7 6. b3 Nc6 7. Bb2 Be7 8. Nbd2 0-0 9. c4 d6 10. Qe2 Re8 11. Rfe1 Bf8 12. e4 cxd4 13. Nxd4 g6 14. Nxc6 Bxc6 15. Rad1 Bg7 16. Ba1 Qc7 17. e5 dxe5 18. Bxe5 Qb7 19. Bxf6 Bxf6 20. Be4 Rad8 21. Qf3 Rd6 22. Bxc6 Qxc6 23. Ne4 1-0